Hospodárske zmluvy na vykonanie investičnej výstavby záverečná práca postgraduálneho štúdia

Gespeichert in:
Bibliographische Detailangaben
1. Verfasser: Korenčiak, Milan
Körperschaft: Vysoká škola ekonomická v Bratislave
Format: Buch
Sprache:Slowakisch
Veröffentlicht: Bratislava 1991
Tags: Tag hinzufügen
Keine Tags, Fügen Sie das erste Tag hinzu!

MARC

LEADER 00000nam a2200000 4500
001 c031884
005 20221214093734.1
041 0 |a slo 
044 |a SK 
245 1 0 |a Hospodárske zmluvy na vykonanie investičnej výstavby  |b záverečná práca postgraduálneho štúdia  |c Milan Korenčiak 
264 1 |a Bratislava  |c 1991 
300 |a 39 s. 
100 1 |a Korenčiak, Milan 
710 2 |a Vysoká škola ekonomická v Bratislave